00841nam a2200205 i 450000100060000000300090000600700030001500800410001802000180005908000240007710000290010124501740013026000430030430000200034750500780036761000940044570000370053970000290057685200300060511252ES-MaACLt|960327s1994 sp ||||1| spa d a84-89097-03-8 a347.964(460)(079.1)1 aMonte Soria, Manuel del.10aOficiales de la Administración de Justicia b: manual teórico de derecho procesal / cManuel del Monte Soria, Juan Carlos Martín del Monte, Isabel Gómez Alcalde. aMadrid : bA. Difusión, cD.L. 1994. a1 v. ; c22 cm.8 aV.I : I. Organización judicial. II. Procedimiento civil. Registro civil10aCuerpo de Oficiales de la Administración de Justicia-vContestaciones para oposiciones.1 aMartín del Monte, Juan Carlos.1 aGómez Alcalde, Isabel. aES-MaACLjP-26 bR.124935